Which Indiana Jones Movie? Quiz Stats

 Plays Quiz Updated Dec 1, 2017

Score 0/24 Timer 05:00
7 Plays Today
% Correct
~ Temple of Doom ~
95.5%
~ Raiders of the Lost Ark ~
92.6%
~ Last Crusade ~
92.4%
~ Temple of Doom ~
91.9%
~ Raiders of the Lost Ark ~
91.1%
~ Kingdom of the Crystal Skull ~
90.3%
~ Kingdom of the Crystal Skull ~
90.2%
~ Kingdom of the Crystal Skull ~
89%
~ Temple of Doom ~
88.9%
~ Kingdom of the Crystal Skull ~
88.2%
~ Last Crusade ~
87.6%
~ Temple of Doom ~
86.9%
% Correct
~ Raiders of the Lost Ark ~
85.5%
~ Kingdom of the Crystal Skull ~
84.9%
~ Temple of Doom ~
84.8%
~ Last Crusade ~
83.3%
~ Last Crusade ~
82.9%
~ Raiders of the Lost Ark ~
81.1%
~ Last Crusade ~
80.2%
~ Raiders of the Lost Ark ~
78.4%
~ Temple of Doom ~
77.1%
~ Kingdom of the Crystal Skull ~
74.5%
~ Last Crusade ~
72.8%
~ Raiders of the Lost Ark ~
69.1%

You're not logged in!

Compare scores with friends on all Sporcle quizzes.
OR
Log In

You Might Also Like...

Show Comments

Extras

Top Quizzes Today


Score Distribution

Your Account Isn't Verified!

In order to create a playlist on Sporcle, you need to verify the email address you used during registration. Go to your Sporcle Settings to finish the process.

Report this User

Report this user for behavior that violates our Community Guidelines.

Details: